| 000 | 00508nam a22001697a 4500 | ||
|---|---|---|---|
| 005 | 20251218103542.0 | ||
| 008 | 251218b |||||||| |||| 00| 0 eng d | ||
| 020 | _a978-93-93330-33-8 | ||
| 100 | _aDESAI, MEENA P. | ||
| 245 | _aPEDIATRIC ENDCRINE DISORDERS | ||
| 250 | _a4TH ED | ||
| 260 |
_aTELANGANA, INDIA _bUNIVERSITIES PRESS _c2022 |
||
| 300 | _aXII,572P. | ||
| 500 | _aINCLUDES SUBJECT INDEX | ||
| 650 | _a1. ENDCRINE DISEASES IN CHILDREN 2, PEDIATRIC ENDCRINOLOGY - TEXTBOOKS | ||
| 942 |
_2lcc _cBK |
||
| 999 |
_c216350 _d216350 |
||